000 00795nam a2200241 a 4500
008
020 _a0134775147 (pbk.)
049 _aMAIN
090 _aTK7871.58.O6
_bCOU
100 1 _aCoughlin, Robert F.
245 1 0 _aIntroductory operational amplifiers and linear ICs :
_btheory and experimentation /
_cRobert F. Coughlin, Robert S. Villanucci.
260 _aEnglewood Cliffs, N.J. :
_bPrentice Hall,
_cc1990.
300 _axx, 460 p. :
_bill. ;
_c28 cm.
500 _aIncludes index.
650 0 _aOperational amplifiers.
650 0 _aLinear integrated circuits.
700 1 _aVillanucci, Robert S.
907 _a.b10064904
_b21-11-12
_c17-04-03
003
005 20230123133924.0
040 _cNUST
942 _cBOOKS
_kTK7871.58.O6
_mCOU
999 _c156947
_d156947